Popular Paul McCartney songs (Beatles and post-Beatles) - Statistics

General Stats
  • This quiz has been taken 904 times
  • The average score is 5 of 8
Answer Stats
Hint Answer % Correct
A song written for Julian Lennon Hey Jude
98%
Hold me, love me Eight Days a Week
70%
Everything I say, you say the opposite Hello Goodbye
70%
A blue sky and green sea Yellow Submarine
55%
Do you need anybody? With a Little Help From My Friends
54%
The undertaker drew a heavy sigh Band on the Run
50%
You got the first one correct. You know know you did. You know you did. You know you did Live and let die
35%
Paul plays all of the instruments in this song Maybe I'm Amazed
33%
No matching quizzes found
Score Distribution
Percent of People with Each Score
Percentile by Number Answered
Your Score History
You have not taken this quiz